• 首页
  • 本馆介绍
  • 公告通知
  • 最新文献
  • 馆藏检索
  • 电子资源
  • 读者导购
  • 参考咨询
  • 我的图书馆
  • 登录
  • 详细信息显示
  • 放入我的书架
  • 预约/预借图书
  • 作者相关作品
  • 分类相关作品
  • 丛书相关作品
  • 出版社相关作品

书目信息

  • 表格格式
  • 工作单格式
  • 卡片格式
题名:
企业文化案例教程
    
 
作者: 张岩松 , 周宏波 , 乌玉洁 主编
分册:  
出版信息: 北京   清华大学出版社  2012
页数: 345页
开本: 23cm
丛书名:
单 册:
中图分类: F272-05
科图分类:
主题词: 企业文化--案例--高等学校--教材 , 企业文化
电子资源:
ISBN: 978-7-5121-1100-4
000 01075nam0 2200277 450
001 523
005 20140909091446.37
010    @a978-7-5121-1100-4@dCNY39.00
100    @a20120926d2012 em y0chiy50 ea
101 0  @achi
102    @aCN@b110000
105    @ay z 000yy
106    @ar
200 1  @a企业文化案例教程@AQi Ye Wen Hua An Li Jiao Cheng@f张岩松,周宏波,乌玉洁主编@FZhang Yan Song, Zhou Hong Bo, Wu Yu Jie Zhu Bian
210    @a北京@c清华大学出版社@c北京交通大学出版社@d2012
215    @a345页@d23cm
300    @a21世纪经济学类管理类专业主干课程系列教材
330    @a本书精选了国内外各类企业在企业文化建设方面的30余个典型案例,内容涉及企业文化概述、企业文化要素、企业文化建设、企业形象与企业文化、企业文化变革、跨文化管理、企业文化比较等。
606 0  @a企业文化@x案例@x高等学校@j教材
606 0  @a企业文化
690    @aF272-05@v5
701  0 @a张岩松@AZhang Yan Song@f(1968~)@4主编
701  0 @a周宏波@AZhou Hong Bo@c(管理学)@4主编
701  0 @a乌玉洁@AWu Yu Jie@4主编
801  0 @aCN@bTANGWEI@c20140603
905    @b0840680-82@dF272-05@e1007@f3
    
    企业文化案例教程/张岩松,周宏波,乌玉洁主编.-北京:清华大学出版社:北京交通大学出版社,2012
    345页;23cm
    21世纪经济学类管理类专业主干课程系列教材
    
    ISBN 978-7-5121-1100-4:CNY39.00
    本书精选了国内外各类企业在企业文化建设方面的30余个典型案例,内容涉及企业文化概述、企业文化要素、企业文化建设、企业形象与企业文化、企业文化变革、跨文化管理、企业文化比较等。
●
相关链接 在E读中查询图书 在五车中查询图书 在当当中查询图书 在豆瓣中查询图书


正题名:企业文化案例教程     索取号:F272-05/1007         预约/预借

序号 登录号 条形码 馆藏地/架位号 状态 备注
1 0840680   208406802   第一样本阅览室/ [索取号:F272-05/1007] 在馆    
2 0840681   208406811   第一借阅区/ [索取号:F272-05/1007] 在馆    
3 0840682   208406820   密集书库-海洋学院/ [索取号:F272-05/1007] 在馆    
唐山师范学院图书馆 欢迎您!
大连网信软件有限公司© 版权所有